| Tag |
First Indicator |
Second Indicator |
Subfields |
| LEADER |
00000cam a2200000 a 4500 |
| 001 |
in00000954635 |
| 005 |
20150927074939.0 |
| 007 |
hd afv|||baca |
| 007 |
hd bfv|||baaa |
| 008 |
810827s1681 miu a 00010 eng d |
| 035 |
|
|
|a (OCoLC)07708772
|
| 035 |
|
|
|9 AEV5053AM
|
| 037 |
|
|
|a CL0037000038
|b University Microfilms International
|
| 037 |
|
|
|b University Microfilms International, 300 N. Zeeb Rd., Ann Arbor, MI 48106
|
| 040 |
|
|
|a UMI
|c UMI
|d m/c
|d UMI
|d UtOrBLW
|
| 049 |
|
|
|a TXAI
|
| 090 |
|
|
|a BX1763
|b .A33
|
| 099 |
|
|
|a film
|a B
|a 3609
|
| 100 |
0 |
|
|a A. B.
|
| 245 |
1 |
2 |
|a A dissuasive from popery /
|c sent in a letter from A.B. to C.D.
|
| 264 |
|
3 |
|a Dublin :
|b Printed by Benjamin Took and John Crook, and are to be sold by Mary Crook & Andrew Crook ...,
|c 1681.
|
| 300 |
|
|
|a 32 pages
|
| 336 |
|
|
|a text
|b txt
|2 rdacontent
|
| 337 |
|
|
|a microform
|b h
|2 rdamedia
|
| 338 |
|
|
|a microfilm reel
|b hd
|2 rdacarrier
|
| 500 |
|
|
|a Imperfect: tightly bound with slight loss of print.
|
| 500 |
|
|
|a Reproduction of original in the Cambridge University Library.
|
| 510 |
4 |
|
|a Wing
|c B5
|
| 533 |
|
|
|a Microfilm.
|b Ann Arbor, Mich. :
|c University Microfilms International,
|d 1981.
|e 1 microfilm reel ; 35 mm.
|f (Early English books, 1641-1700 ; 1139:28)
|
| 500 |
|
|
|a Microform.
|
| 610 |
2 |
0 |
|a Catholic Church
|v Controversial literature.
|
| 700 |
0 |
|
|a C. D.
|
| 830 |
|
0 |
|a Early English books, 1641-1700 ;
|v 1139:28.
|
| 999 |
|
|
|a MARS
|
| 999 |
f |
f |
|s 8df3fff7-055a-395a-9f0d-201bb8961915
|i 6426f4ae-c227-30f5-a21c-d2a18362ec70
|t 0
|
| 952 |
f |
f |
|p default
|a Texas A&M University
|b College Station
|c Sterling C. Evans Library
|d Evans: Microforms (3rd floor)
|t 0
|e film B 3609 1139:28
|h Other scheme
|i microform -- microfilm reel
|
| 998 |
f |
f |
|a film B 3609 1139:28
|t 0
|l Evans: Microforms (3rd floor)
|